[Event "4NCL 2017-18"]
[Site "England ENG"]
[Date "2017.11.11"]
[Round "1.12"]
[White "Stewart, Ashley"]
[Black "Jones, Gawain C B"]
[Result "0-1"]
[BlackTitle "GM"]
[WhiteElo "2166"]
[BlackElo "2667"]
[WhiteTeam "The ADs"]
[BlackTeam "Guildford"]
[WhiteFideId "419001"]
[BlackFideId "409561"]
[EventDate "2017.11.11"]

1. c4 e5 2. g3 Nc6 3. Nc3 Bc5 4. Bg2 d6 5. e3 a6 6. Nge2 Ba7 7. b3 Nge7 8. Bb2
Rb8 9. O-O h5 10. h3 h4 11. g4 f5 12. gxf5 Bxf5 13. d4 b5 14. cxb5 axb5 15. Qd2
Qd7 16. Kh2 exd4 17. exd4 O-O 18. Nd5 Rbe8 19. Rac1 Bb8 20. Nef4 Nd8 21. Nxe7+
Qxe7 22. Bd5+ Kh7 23. Rg1 c6 24. Rce1 Qd7 25. Rxe8 Qxe8 26. Bf3 d5 27. Kh1 Be4
28. Bxe4+ Qxe4+ 29. Ng2 Qf5 30. Qe3 Bg3 0-1

[Event "4NCL 2017-18"]
[Site "England ENG"]
[Date "2017.11.11"]
[Round "1.13"]
[White "Edouard, Romain"]
[Black "Stockwell, Mark B"]
[Result "1-0"]
[WhiteTitle "GM"]
[WhiteElo "2621"]
[BlackElo "1987"]
[WhiteTeam "Guildford"]
[BlackTeam "The ADs"]
[WhiteFideId "633429"]
[BlackFideId "471054"]
[EventDate "2017.11.11"]

1. c4 Nf6 2. Nc3 e6 3. Nf3 d5 4. d4 Be7 5. Bf4 O-O 6. e3 b6 7. Qc2 Ba6 8. Ne5 c5
9. dxc5 Bxc5 10. O-O-O Bb4 11. cxd5 exd5 12. Kb1 Bxf1 13. Rhxf1 Re8 14. Nxd5
Nxd5 15. Qc4 a5 16. Nxf7 b5 17. Qxb5 Qd7 18. Nh6+ gxh6 19. Rxd5 Qxb5 20. Rxb5
Nc6 21. Bxh6 Re6 22. Bf4 Rd8 23. Rc1 Rg6 24. g3 Rd2 25. a3 Bf8 26. Rc2 Rxc2 27.
Kxc2 Kf7 28. Rh5 h6 29. Kb3 Bg7 30. Rb5 Re6 31. Rb7+ Kg6 32. Ka4 Bf6 33. b3 Be7
34. Rc7 Ne5 35. Rc3 Ng4 36. Kxa5 Bxa3 37. b4 Bb2 38. Rc2 Be5 39. b5 Bxf4 40.
gxf4 Nf6 41. b6 Nd7 42. b7 Rd6 43. Rc7 Rd5+ 44. Ka6 Rd6+ 45. Ka7 Kh5 46. Rxd7
Rxd7 47. Ka8 1-0

[Event "4NCL 2017-18"]
[Site "England ENG"]
[Date "2017.11.11"]
[Round "1.14"]
[White "Ahluwalia, Amardip"]
[Black "Maze, Sebastien"]
[Result "0-1"]
[BlackTitle "GM"]
[WhiteElo "2019"]
[BlackElo "2615"]
[WhiteTeam "The ADs"]
[BlackTeam "Guildford"]
[WhiteFideId "437085"]
[BlackFideId "613762"]
[EventDate "2017.11.11"]

1. e4 c5 2. Nf3 Nc6 3. Bb5 g6 4. Bxc6 bxc6 5. O-O Bg7 6. c3 Nf6 7. e5 Nd5 8. c4
Nc7 9. d4 cxd4 10. Qxd4 f6 11. Qh4 fxe5 12. Qg3 d6 13. h4 O-O 14. Nc3 Bf5 15.
Rd1 c5 16. h5 Qe8 17. Nh4 gxh5 18. Bh6 Bg6 19. Bxg7 Kxg7 20. Rd2 Qf7 21. b3 Qf4
22. Qxf4 Rxf4 23. g3 Rd4 24. Rad1 Rf8 25. Ne2 Rg4 26. f3 Rg5 27. Rf1 Ne6 28. Kh2
Be8 29. Ng1 Bc6 30. Rdd1 Kg8 31. Nh3 Rg7 32. Rde1 Rf6 33. Ng1 Nd4 34. Re3 Kf8
35. Kh3 e6 36. Kh2 Nf5 37. Nxf5 exf5 38. Rd1 h4 39. gxh4 f4 40. Red3 Ke7 0-1

[Event "4NCL 2017-18"]
[Site "England ENG"]
[Date "2017.11.11"]
[Round "1.15"]
[White "Pert, Nicholas"]
[Black "Bailey, Kevin J"]
[Result "1-0"]
[WhiteTitle "GM"]
[WhiteElo "2543"]
[BlackElo "1951"]
[WhiteTeam "Guildford"]
[BlackTeam "The ADs"]
[WhiteFideId "403989"]
[BlackFideId "409960"]
[EventDate "2017.11.11"]

1. d4 d5 2. Nf3 Nf6 3. Bf4 c5 4. e3 Nc6 5. Nbd2 e6 6. c3 Bd6 7. Bg3 O-O 8. Bb5
cxd4 9. exd4 Qc7 10. Qe2 Bd7 11. Bd3 Ne7 12. Ne5 a6 13. O-O b5 14. a3 Rab8 15.
Rac1 Bc6 16. b4 Nd7 17. Nb3 Bxe5 18. dxe5 Nb6 19. f4 Nc4 20. Nd4 Bd7 21. f5 Nc6
22. f6 g6 23. Rf4 1-0

[Event "4NCL 2017-18"]
[Site "England ENG"]
[Date "2017.11.11"]
[Round "1.16"]
[White "Anderton, David W"]
[Black "Le Roux, Jean-Pierre"]
[Result "0-1"]
[WhiteTitle "CM"]
[BlackTitle "GM"]
[WhiteElo "2084"]
[BlackElo "2557"]
[WhiteTeam "The ADs"]
[BlackTeam "Guildford"]
[WhiteFideId "401668"]
[BlackFideId "609404"]
[EventDate "2017.11.11"]

1. d4 Nf6 2. c4 g6 3. g3 Bg7 4. Bg2 d5 5. cxd5 Nxd5 6. e4 Nb6 7. Ne2 c5 8. d5 e6
9. Nec3 O-O 10. O-O Na6 11. a4 exd5 12. Nxd5 Nxd5 13. exd5 Nb4 14. Nc3 Bf5 15.
Be3 b6 16. Qd2 Nc2 17. Rad1 Nxe3 18. fxe3 Qd7 19. Rde1 Rae8 20. e4 Bg4 21. Kh1
Re5 22. b3 h5 23. h4 Rfe8 24. Nd1 Bxd1 25. Rxd1 a6 26. Qd3 b5 27. axb5 axb5 28.
Kh2 Bf8 29. Rf2 Bd6 30. Qd2 Rxe4 31. Bxe4 Rxe4 32. Kg2 Qg4 33. Rf3 Bxg3 34. Qd3
Bd6+ 35. Kf1 c4 36. bxc4 bxc4 0-1

[Event "4NCL 2017-18"]
[Site "England ENG"]
[Date "2017.11.11"]
[Round "1.18"]
[White "Walsh, Marcus"]
[Black "Flear, Glenn C"]
[Result "0-1"]
[BlackTitle "GM"]
[WhiteElo "2172"]
[BlackElo "2444"]
[WhiteTeam "The ADs"]
[BlackTeam "Guildford"]
[WhiteFideId "452858"]
[BlackFideId "400165"]
[EventDate "2017.11.11"]

1. e4 e5 2. Nf3 Nc6 3. Bb5 a6 4. Ba4 Nf6 5. d4 exd4 6. O-O Be7 7. Re1 b5 8. Bb3
d6 9. Bd5 Nxd5 10. exd5 Ne5 11. Nxd4 O-O 12. Nc3 Re8 13. Bf4 Bb7 14. Bxe5 dxe5
15. Nc6 Qd7 16. Nxe5 Qf5 17. a3 Bf6 18. Nc6 Kf8 19. Qd3 Qxd3 20. cxd3 Rxe1+ 21.
Rxe1 Bxc6 22. dxc6 Rd8 23. Rd1 Rd6 24. Kf1 Rxc6 25. Rc1 a5 26. a4 bxa4 27. Ra1
Bxc3 28. bxc3 Rxc3 29. Rxa4 Rxd3 30. Rxa5 Rc3 31. Re5 Rc2 32. g3 g6 33. Kg2 h5
34. Kf3 Rc6 35. Rd5 Ke7 36. Ke3 Re6+ 37. Kf3 c6 38. Ra5 Kd6 0-1

[Event "4NCL 2017-18"]
[Site "England ENG"]
[Date "2017.11.11"]
[Round "1.21"]
[White "Tan, Justin2"]
[Black "Batchelor, Peter J"]
[Result "1-0"]
[WhiteTitle "IM"]
[BlackTitle "FM"]
[WhiteElo "2485"]
[BlackElo "2324"]
[WhiteTeam "Oxford"]
[BlackTeam "Grantham Sharks"]
[WhiteFideId "3206882"]
[BlackFideId "424854"]
[EventDate "2017.11.11"]

1. d4 Nf6 2. c4 e6 3. Nf3 d5 4. Nc3 Be7 5. Bf4 Nbd7 6. a3 c6 7. e3 O-O 8. Qc2 a6
9. Bd3 dxc4 10. Bxc4 b5 11. Be2 Bb7 12. Rd1 Nd5 13. O-O Nxf4 14. exf4 Qc7 15. f5
exf5 16. Nd5 Qd6 17. Nxe7+ Qxe7 18. Qxf5 g6 19. Qh3 Rfd8 20. Rfe1 Qf6 21. Rc1
Nf8 22. Bd1 Ne6 23. Qh6 Rd5 24. Bb3 Rh5 25. Qe3 Re8 26. Bxe6 Rxe6 27. Ne5 Qh4
28. Qg3 Qxg3 29. hxg3 Rf5 30. g4 Rf4 31. Nd3 Rxd4 32. Nc5 Bc8 33. Nxe6 Bxe6 34.
Rxc6 a5 35. Rc5 Bc4 36. g5 Kg7 37. Re8 h6 38. gxh6+ Kxh6 39. a4 bxa4 40. Rxa5
Bb3 41. Rb8 Rd2 42. g4 Kg7 43. g5 Rd4 44. f3 Rd7 45. Ra6 Rd5 46. f4 Rd7 47. Kf2
Re7 48. Rd8 Rb7 49. Ke3 Be6 50. Raa8 f6 51. Rab8 Re7 52. Re8 1-0

[Event "4NCL 2017-18"]
[Site "England ENG"]
[Date "2017.11.11"]
[Round "1.22"]
[White "Roberson, Peter T"]
[Black "Zakarian, David"]
[Result "1-0"]
[WhiteTitle "IM"]
[BlackTitle "FM"]
[WhiteElo "2410"]
[BlackElo "2354"]
[WhiteTeam "Grantham Sharks"]
[BlackTeam "Oxford"]
[WhiteFideId "412384"]
[BlackFideId "13301276"]
[EventDate "2017.11.11"]

1. e4 c5 2. Nf3 e6 3. c3 Nf6 4. e5 Nd5 5. d4 cxd4 6. cxd4 d6 7. Bd2 Nc6 8. Bc4
Nb6 9. Bb3 dxe5 10. dxe5 Nd4 11. Nxd4 Qxd4 12. Qe2 Bd7 13. Nc3 Be7 14. O-O O-O
15. Rfd1 Qh4 16. Be3 Bc6 17. Rd4 Qxd4 18. Bxd4 Rfd8 19. Rd1 Nd7 20. Ba4 Nb8 21.
Be3 Bxa4 22. Rxd8+ Bxd8 23. Nxa4 Nc6 24. Qb5 Rb8 25. Bxa7 1-0

[Event "4NCL 2017-18"]
[Site "England ENG"]
[Date "2017.11.11"]
[Round "1.23"]
[White "Wu, Christopher"]
[Black "Daskalov, Dimitar"]
[Result "1/2-1/2"]
[WhiteTitle "FM"]
[WhiteElo "2340"]
[BlackElo "2320"]
[WhiteTeam "Oxford"]
[BlackTeam "Grantham Sharks"]
[WhiteFideId "2040875"]
[BlackFideId "2902800"]
[EventDate "2017.11.11"]

1. e4 e5 2. Nf3 d6 3. d4 exd4 4. Nxd4 Nf6 5. Nc3 Be7 6. g3 O-O 7. Bg2 Re8 8. O-O
Bf8 9. Bf4 c6 10. Qd2 Nbd7 11. Rad1 Ne5 12. h3 Nh5 13. Bg5 f6 14. Be3 Nc4 15.
Qe2 Nxe3 16. Qxe3 g6 17. Qd3 Ng7 18. Kh2 Ne6 19. Nb3 a5 20. a4 b6 21. Qd2 Ba6
22. Rfe1 Qc7 23. f4 Rad8 24. Qf2 Kg7 25. h4 Bc8 26. Qf3 Qf7 27. Ne2 Nc5 28. Nxc5
dxc5 29. Qf2 Bg4 30. Bf3 Bxf3 31. Qxf3 Qe6 32. Nc3 Rd4 33. e5 f5 34. Rd3 Red8
35. Red1 Be7 36. Ne2 R4d5 37. Nc3 Rd4 38. Ne2 Rxd3 39. Rxd3 Qc4 40. Rxd8 Bxd8
41. Nc3 Qe6 42. Qd3 Be7 43. b3 Kf7 44. Kg2 h6 45. Kf1 c4 46. bxc4 Bc5 47. Ne2 g5
48. c3 gxh4 49. gxh4 Qg6 50. Ng3 Ke6 51. Qf3 Kd7 52. h5 Qg8 53. Qd3+ Kc7 54. Kg2
Qg4 55. e6 Bd6 56. Qxf5 Qxf4 57. Qxf4 Bxf4 58. Ne4 Be5 59. Kf3 Kd8 60. Kg4 Ke7
61. Kf5 Bh8 62. c5 bxc5 63. c4 Bd4 64. Nd2 Bc3 65. Nf3 Kd6 66. Ne5 Bxe5 67. e7
Kd7 1/2-1/2

[Event "4NCL 2017-18"]
[Site "England ENG"]
[Date "2017.11.11"]
[Round "1.24"]
[White "Rendle, Thomas E"]
[Black "Asenov, Pavel"]
[Result "1/2-1/2"]
[WhiteTitle "IM"]
[WhiteElo "2365"]
[BlackElo "2149"]
[WhiteTeam "Grantham Sharks"]
[BlackTeam "Oxford"]
[WhiteFideId "408760"]
[BlackFideId "433705"]
[EventDate "2017.11.11"]

1. e4 e5 2. Nf3 Nc6 3. Bc4 Nf6 4. d3 Be7 5. O-O O-O 6. Re1 d6 7. a4 Na5 8. Ba2
c5 9. c3 Nc6 10. Nbd2 h6 11. Nf1 Re8 12. Ng3 Bf8 13. h3 Be6 14. Bxe6 Rxe6 15. d4
cxd4 16. cxd4 d5 17. Nxe5 Nxe5 18. dxe5 Nxe4 19. Bf4 Nc5 20. Qf3 Qb6 21. Rad1
Rd8 22. Rxd5 Rxd5 23. Qxd5 Qxb2 24. Ne4 Nxa4 25. Re3 Qb4 26. Rg3 Nc5 27. Nxc5
Bxc5 28. Qd8+ Bf8 29. Be3 Rxe5 30. Bxh6 Re1+ 31. Kh2 Qd6 32. Qg5 Re6 33. Bxg7
Rg6 34. Bxf8 Qxg3+ 35. Qxg3 Rxg3 36. Kxg3 Kxf8 37. Kf4 a5 38. Ke3 a4 39. Kd3 1/2-1/2

[Event "4NCL 2017-18"]
[Site "England ENG"]
[Date "2017.11.11"]
[Round "1.25"]
[White "Claridge-Hansen, William"]
[Black "Foisor, Mihaela-Veronica"]
[Result "1/2-1/2"]
[WhiteTitle "FM"]
[BlackTitle "WIM"]
[WhiteElo "2276"]
[BlackElo "2222"]
[WhiteTeam "Oxford"]
[BlackTeam "Grantham Sharks"]
[WhiteFideId "422509"]
[BlackFideId "2270757"]
[EventDate "2017.11.11"]

1. c4 c5 2. g3 g6 3. Bg2 Bg7 4. Nc3 Nc6 5. Nf3 e5 6. a3 d6 7. O-O Nge7 8. b4
cxb4 9. axb4 Nxb4 10. Ba3 Nbc6 11. Ne4 O-O 12. Nxd6 Bg4 13. Nxb7 Qc7 14. Nd6
Rad8 15. c5 e4 16. Nxe4 Bxf3 17. Bxf3 Bxa1 18. Qxa1 Nd4 19. Nf6+ Kg7 20. Nd5
Nxd5 21. Qxd4+ Nf6 22. Qc3 Rfe8 23. Rb1 Qe5 24. Qa5 Rb8 25. Rc1 Ne4 26. Bb4 Kg8
27. Bxe4 Qxe4 28. Bc3 Rb1 29. Rxb1 Qxb1+ 30. Kg2 Qe4+ 31. Kh3 Qe6+ 32. Kg2 Qe4+
33. Kh3 Qe6+ 1/2-1/2

[Event "4NCL 2017-18"]
[Site "England ENG"]
[Date "2017.11.11"]
[Round "1.26"]
[White "Bremner, Adam"]
[Black "Gerlagh, Joris"]
[Result "1-0"]
[WhiteTitle "CM"]
[WhiteElo "2218"]
[BlackElo "2205"]
[WhiteTeam "Grantham Sharks"]
[BlackTeam "Oxford"]
[WhiteFideId "2400847"]
[BlackFideId "1038834"]
[EventDate "2017.11.11"]

1. d4 Nf6 2. c4 g6 3. Nc3 d5 4. cxd5 Nxd5 5. e4 Nxc3 6. bxc3 Bg7 7. Be3 c5 8.
Qd2 Qa5 9. Rc1 O-O 10. Nf3 b5 11. d5 Nd7 12. Be2 Rd8 13. c4 b4 14. O-O Nb6 15.
Bd1 Bc3 16. Qe2 Bg4 17. Bb3 Rac8 18. h3 Bxf3 19. Qxf3 Qa6 20. Qe2 e6 21. dxe6
fxe6 22. f4 Qb7 23. Bc2 Qa6 24. f5 Qxc4 25. Qf3 Bd4 26. Bb3 Bxe3+ 27. Qxe3 Qd4
28. Bxe6+ Kg7 29. Qxd4+ 1-0

[Event "4NCL 2017-18"]
[Site "England ENG"]
[Date "2017.11.11"]
[Round "1.27"]
[White "Hansen, Hans-Peter"]
[Black "Tavares, Shawn P"]
[Result "1-0"]
[WhiteElo "2194"]
[BlackElo "2148"]
[WhiteTeam "Oxford"]
[BlackTeam "Grantham Sharks"]
[WhiteFideId "1503502"]
[BlackFideId "7700016"]
[EventDate "2017.11.11"]

1. Nf3 Nf6 2. c4 c5 3. Nc3 b6 4. e3 Bb7 5. d4 e6 6. d5 d6 7. e4 Be7 8. Bd3 O-O
9. O-O Na6 10. h3 Nc7 11. Qc2 e5 12. a3 Bc8 13. b4 Kh8 14. Rb1 Nh5 15. bxc5 bxc5
16. Ne2 g5 17. Nh2 Nf4 18. Ng3 Rg8 19. Be2 Ne8 20. Bg4 Ng7 21. Bxc8 Qxc8 22. Ng4
h5 23. Nh6 Rf8 24. Nhf5 Re8 25. Nxg7 Kxg7 26. Nf5+ Kf6 27. Kh2 Qa6 28. g3 Ng6
29. Qd2 Nf4 30. gxf4 Qxc4 31. fxe5+ Kxe5 32. Bb2+ Kxe4 33. Ng3+ 1-0

[Event "4NCL 2017-18"]
[Site "England ENG"]
[Date "2017.11.11"]
[Round "1.28"]
[White "Cumbers, Paul"]
[Black "Varney, Zoe"]
[Result "1-0"]
[WhiteElo "2152"]
[BlackElo "2003"]
[WhiteTeam "Grantham Sharks"]
[BlackTeam "Oxford"]
[WhiteFideId "411299"]
[BlackFideId "436135"]
[EventDate "2017.11.11"]

1. d4 d5 2. c4 c6 3. e3 Nf6 4. Nc3 e6 5. Nf3 Nbd7 6. Qc2 Bd6 7. g4 h6 8. h3 dxc4
9. Bxc4 b5 10. Bd3 Bb7 11. e4 e5 12. dxe5 Nxe5 13. Nxe5 Bxe5 14. Be3 Qc7 15.
O-O-O Bf4 16. Qd2 Bxe3 17. Qxe3 a5 18. Kb1 a4 19. e5 Nd7 20. Rhe1 O-O-O 21. Rc1
b4 22. Nxa4 Rhe8 23. f4 g5 24. Qa7 Qb8 25. Rxc6+ Bxc6 26. Ba6+ Bb7 27. Rc1+ Nc5
28. Nb6+ Kc7 29. Rxc5# 1-0

[Event "4NCL 2017-18"]
[Site "England ENG"]
[Date "2017.11.11"]
[Round "1.31"]
[White "Alsina Leal, Daniel"]
[Black "Rogers, Jonathan W"]
[Result "1-0"]
[WhiteTitle "GM"]
[BlackTitle "FM"]
[WhiteElo "2487"]
[BlackElo "2302"]
[WhiteTeam "White Rose"]
[BlackTeam "Barbican 4NCL"]
[WhiteFideId "2252627"]
[BlackFideId "402052"]
[EventDate "2017.11.11"]

1. e4 g6 2. d4 Bg7 3. Nc3 c6 4. h3 d5 5. Nf3 Nf6 6. e5 Ne4 7. Nxe4 dxe4 8. Ng5
c5 9. d5 Bxe5 10. Nxe4 Bf5 11. Ng3 Bc8 12. Be2 Nd7 13. O-O Nb6 14. Bf3 Qc7 15.
Re1 O-O 16. Qe2 f6 17. Bh6 Re8 18. Rad1 e6 19. Ne4 Bd7 20. d6 Qc8 21. Be3 c4 22.
Nc5 Rb8 23. Nxd7 Nxd7 24. c3 b6 25. Rd2 f5 26. g3 Bg7 27. Red1 Kh8 28. Bg2 e5
29. Bg5 e4 30. f3 exf3 31. Qxf3 Ne5 32. Qd5 Qd7 33. Re2 Rbc8 34. Qb7 Qxb7 35.
Bxb7 Rb8 36. d7 Red8 37. Bxd8 Rxd8 38. Rd5 1-0

[Event "4NCL 2017-18"]
[Site "England ENG"]
[Date "2017.11.11"]
[Round "1.32"]
[White "Sowray, Peter J"]
[Black "Repka, Christopher"]
[Result "1/2-1/2"]
[WhiteTitle "FM"]
[BlackTitle "GM"]
[WhiteElo "2365"]
[BlackElo "2534"]
[WhiteTeam "Barbican 4NCL"]
[BlackTeam "White Rose"]
[WhiteFideId "400971"]
[BlackFideId "14918781"]
[EventDate "2017.11.11"]

1. c4 e6 2. e3 Nf6 3. Nc3 g6 4. Nf3 Bg7 5. d4 O-O 6. Be2 d6 7. O-O Nbd7 8. b4 e5
9. a4 c5 10. Rb1 Re8 11. bxc5 e4 12. cxd6 exf3 13. Bxf3 Rb8 14. c5 Nf8 15. Ba3
N6d7 16. Nb5 Ne6 17. Nxa7 Ng5 18. Nxc8 Qxc8 19. h4 Ne4 20. Qc2 Nxd6 21. c6 Qc7
22. Bxd6 Qxd6 23. cxd7 Qxd7 24. Rb5 Bf6 25. g3 b6 26. Qb3 Qa7 27. Rb1 Bd8 28.
Bc6 Re6 29. d5 Rf6 30. a5 Qe7 31. Qd3 Rf5 32. axb6 Qf6 33. Qd2 g5 34. hxg5 Rxg5
35. d6 Rxb5 36. Rxb5 Rxb6 37. Rxb6 Bxb6 38. Qb4 Bd8 39. Qg4+ Kf8 40. Qd7 h5 41.
Bd5 h4 42. gxh4 Qg6+ 43. Bg2 Bxh4 44. Qc8+ Kg7 45. d7 Qd6 46. Qc4 Qd1+ 47. Bf1
Be7 48. Qc3+ f6 49. Qc6 Qg4+ 50. Bg2 Qd1+ 51. Kh2 Qd6+ 52. Kh3 Qxc6 53. Bxc6 Kf7
54. Kg4 Bd8 55. Kf5 Ke7 56. Kg6 Bb6 57. Ba4 Ba5 58. Kg7 Bc3 59. Kg6 Be1 60. f3
Bd2 61. e4 Bc3 62. Bc6 Bb2 63. Bb5 Bc3 64. Kh5 Be5 65. Kg4 Bc7 66. Kh3 Ke6 67.
f4 Ke7 68. Kg4 Ba5 69. Kh5 Bc7 70. Kg4 Ba5 71. Kf5 Bc3 72. Bc6 Bb2 73. Kg6 Bc3
74. Kg7 Bd2 75. e5 f5 76. d8=Q+ Kxd8 77. Kf6 Bxf4 78. e6 Bd6 1/2-1/2

[Event "4NCL 2017-18"]
[Site "England ENG"]
[Date "2017.11.11"]
[Round "1.33"]
[White "Wells, Peter K"]
[Black "Jackson, James P"]
[Result "1-0"]
[WhiteTitle "GM"]
[BlackTitle "FM"]
[WhiteElo "2418"]
[BlackElo "2364"]
[WhiteTeam "White Rose"]
[BlackTeam "Barbican 4NCL"]
[WhiteFideId "400327"]
[BlackFideId "416860"]
[EventDate "2017.11.11"]

1. Nf3 Nf6 2. c4 c5 3. Nc3 e6 4. d4 cxd4 5. Nxd4 a6 6. g3 Bb4 7. Bg2 O-O 8. O-O
Bxc3 9. bxc3 d5 10. cxd5 Nxd5 11. Qb3 Qc7 12. Ba3 Rd8 13. Rfd1 Nf6 14. c4 e5 15.
Nf5 Nc6 16. Bxc6 bxc6 17. Bd6 Rxd6 18. Nxd6 Be6 19. Rab1 Rd8 20. Qb7 Qxb7 21.
Nxb7 Ra8 22. Na5 Ne4 23. Rb6 g5 24. f3 Nc3 25. Rd2 e4 26. Rb3 Na4 27. fxe4 Nc5
28. Re3 Rc8 29. Rd6 Rb8 30. Nb3 Nd7 31. Red3 Rb7 32. Rxc6 Ne5 33. Rxa6 Bxc4 34.
Rd8+ Kg7 35. Ra5 f6 36. Nd4 Kg6 37. Rd6 Kf7 38. h3 Rb2 39. Ra7+ Kg6 40. Nf5 Bxe2
41. Rg7+ Kh5 42. Rxh7+ Kg6 43. Rh6+ Kf7 44. Rhxf6+ Kg8 45. Rd8+ Kh7 46. Rh6# 1-0

[Event "4NCL 2017-18"]
[Site "England ENG"]
[Date "2017.11.11"]
[Round "1.34"]
[White "Morrison, Graham SCO"]
[Black "Adair, James R"]
[Result "1/2-1/2"]
[WhiteTitle "FM"]
[BlackTitle "IM"]
[WhiteElo "2294"]
[BlackElo "2486"]
[WhiteTeam "Barbican 4NCL"]
[BlackTeam "White Rose"]
[WhiteFideId "2400090"]
[BlackFideId "406252"]
[EventDate "2017.11.11"]

1. d4 d5 2. c4 e6 3. Nf3 Nf6 4. Nc3 c6 5. e3 Nbd7 6. Qc2 Bd6 7. Bd3 dxc4 8. Bxc4
O-O 9. O-O b5 10. Be2 Bb7 11. Rd1 Qc7 12. e4 e5 13. Bg5 exd4 14. Rxd4 Ne5 15. g3
Bc5 16. Rd2 Nfg4 17. Nd1 Bb4 18. Rd4 Ba5 19. Rc1 Rac8 20. Nxe5 Nxe5 21. Ne3 f6
22. Bf4 c5 23. Rdd1 c4 24. b3 g5 25. Bxe5 Qxe5 26. bxc4 Bxe4 27. Bd3 Bxd3 28.
Qxd3 a6 29. cxb5 Qxb5 30. Qxb5 axb5 31. Rxc8 Rxc8 32. Rd5 Bb6 33. Rxb5 1/2-1/2

[Event "4NCL 2017-18"]
[Site "England ENG"]
[Date "2017.11.11"]
[Round "1.35"]
[White "McNab, Colin A"]
[Black "Moss, Guy"]
[Result "1/2-1/2"]
[WhiteTitle "GM"]
[WhiteElo "2416"]
[BlackElo "2160"]
[WhiteTeam "White Rose"]
[BlackTeam "Barbican 4NCL"]
[WhiteFideId "2400030"]
[BlackFideId "2804620"]
[EventDate "2017.11.11"]

1. c4 Nf6 2. Nf3 c6 3. b3 g6 4. Bb2 Bg7 5. g3 O-O 6. Bg2 d6 7. d4 d5 8. O-O Nbd7
9. cxd5 Nxd5 10. e4 Nc7 11. Nc3 c5 12. d5 b5 13. Re1 Bb7 14. Qd2 Nb6 15. Rad1 c4
16. Ne2 Bxb2 17. Qxb2 Na6 18. Nf4 Rc8 19. Nd4 c3 20. Qe2 b4 21. e5 Nc7 22. d6
Ncd5 23. Nxd5 Bxd5 24. Nc2 Bxg2 25. Kxg2 exd6 26. Rxd6 Qe7 27. Nxb4 Rfe8 28. Kg1
Rc5 29. Rd3 a5 30. Nc2 Nd5 31. Qe4 Nb4 32. Nxb4 axb4 33. Qxb4 c2 34. Qd2 Rec8
35. Rc1 Qxe5 36. a4 Qb2 37. a5 Rxa5 38. Kg2 Ra1 39. Rd8+ Rxd8 40. Qxd8+ Kg7 41.
Rxc2 Qxc2 1/2-1/2

[Event "4NCL 2017-18"]
[Site "England ENG"]
[Date "2017.11.11"]
[Round "1.36"]
[White "Goldie, Thomas"]
[Black "Palliser, Richard J D"]
[Result "0-1"]
[BlackTitle "IM"]
[WhiteElo "2068"]
[BlackElo "2418"]
[WhiteTeam "Barbican 4NCL"]
[BlackTeam "White Rose"]
[WhiteFideId "2054485"]
[BlackFideId "407372"]
[EventDate "2017.11.11"]

1. e4 c5 2. Nf3 d6 3. d4 cxd4 4. Nxd4 Nf6 5. Nc3 a6 6. Be3 e5 7. Nb3 Be6 8. f3
h5 9. Qd2 Nbd7 10. Be2 Rc8 11. O-O Be7 12. Rad1 b5 13. Kh1 h4 14. Nd5 Bxd5 15.
exd5 Nb6 16. Bxb6 Qxb6 17. Bd3 g6 18. Qf2 Bd8 19. g4 hxg3 20. Qxg3 Nxd5 21. Bxg6
Ne3 22. Be4 Nxf1 23. Rxf1 Qe3 24. Bf5 Rc4 25. Re1 Qf4 26. Qxf4 Rxf4 0-1

[Event "4NCL 2017-18"]
[Site "England ENG"]
[Date "2017.11.11"]
[Round "1.37"]
[White "Gourlay, Iain"]
[Black "O'Toole, George E"]
[Result "1/2-1/2"]
[WhiteTitle "FM"]
[WhiteElo "2369"]
[BlackElo "2260"]
[WhiteTeam "White Rose"]
[BlackTeam "Barbican 4NCL"]
[WhiteFideId "2401533"]
[BlackFideId "412732"]
[EventDate "2017.11.11"]

1. c4 Nf6 2. g3 g6 3. Bg2 Bg7 4. Nc3 O-O 5. Rb1 c6 6. e4 d6 7. Nge2 a5 8. O-O e5
9. d3 Na6 10. a3 Nc5 11. b4 axb4 12. axb4 Ne6 13. h3 Bd7 14. Be3 Qe7 15. f4 exf4
16. gxf4 Nh5 17. f5 Nc7 18. Qd2 Rfe8 19. Bg5 f6 20. Bh4 gxf5 21. exf5 Qf8 22.
Ne4 Re5 23. Bf3 Bxf5 24. Bxh5 Bxe4 25. Bg4 Bg6 26. Ng3 Ne8 27. Ra1 Rxa1 28. Rxa1
f5 29. Rf1 Bh6 30. Bg5 Bxg5 31. Qxg5 f4 32. Qxf4 Qxf4 33. Rxf4 Bxd3 34. Rd4 Bg6
35. Bc8 Re7 36. h4 Rc7 37. Be6+ Kg7 38. h5 Bb1 39. Rd1 Bc2 40. Rd2 1/2-1/2

[Event "4NCL 2017-18"]
[Site "England ENG"]
[Date "2017.11.11"]
[Round "1.38"]
[White "Regan, Natasha K"]
[Black "Maroroa, Sue"]
[Result "0-1"]
[WhiteTitle "WIM"]
[BlackTitle "WIM"]
[WhiteElo "1950"]
[BlackElo "2104"]
[WhiteTeam "Barbican 4NCL"]
[BlackTeam "White Rose"]
[WhiteFideId "403067"]
[BlackFideId "4301498"]
[EventDate "2017.11.11"]

1. e4 e5 2. f4 exf4 3. Bc4 Nc6 4. d4 Nf6 5. Nc3 Bb4 6. e5 Ne4 7. Qf3 d5 8. exd6
Nxd6 9. Bd3 Qh4+ 10. Kf1 Nxd4 11. Qd5 Nc6 12. Nf3 Qf6 13. Ne4 Qe6 14. Qxe6+ Bxe6
15. Bxf4 Nxe4 16. Bxe4 O-O-O 17. a3 Bc5 18. b3 f6 19. Bxc6 bxc6 20. Ne1 Rhe8 21.
Nd3 Bd4 22. Rd1 Bg4 23. Re1 Rxe1+ 24. Nxe1 Bd1 25. g3 Re8 26. Kg2 g5 27. Bc1
Re2+ 28. Kh3 Bc3 29. Nd3 Bxc2 30. Nc5 h5 31. g4 h4 32. a4 Bd4 0-1

[Event "4NCL 2017-18"]
[Site "England ENG"]
[Date "2017.11.11"]
[Round "1.41"]
[White "Carleton, John J"]
[Black "Gordon, Stephen J"]
[Result "0-1"]
[BlackTitle "GM"]
[WhiteElo "2258"]
[BlackElo "2529"]
[WhiteTeam "Spirit of Atticus"]
[BlackTeam "3Cs"]
[WhiteFideId "401013"]
[BlackFideId "411477"]
[EventDate "2017.11.11"]

1. d4 Nf6 2. c4 e6 3. Nc3 Bb4 4. Qc2 c5 5. dxc5 O-O 6. Nf3 Na6 7. g3 Nxc5 8. Bd2
b6 9. Bg2 Bb7 10. O-O Rc8 11. Nb5 Bxd2 12. Nxd2 Bxg2 13. Kxg2 a6 14. Nc3 d5 15.
cxd5 exd5 16. Rad1 Qe7 17. Nf3 Nce4 18. Qd3 Nxc3 19. bxc3 Rc4 20. Nd4 g6 21. Rb1
b5 22. Rb4 Rfc8 23. Rxc4 Rxc4 24. f3 Qa3 25. Nb3 Qxa2 26. Nd2 Rc6 27. Rb1 Qa5
28. Rb3 h5 29. Rb4 Qc7 30. Rf4 Qe5 31. Rd4 Kg7 32. Kf2 Qc7 33. Nb1 Qb6 34. Kg2
Qc5 35. h3 Qe7 36. Nd2 Qc7 37. Nb1 Qe5 38. Nd2 h4 39. Nf1 hxg3 40. Nxg3 Rc4 41.
e3 a5 42. e4 dxe4 43. fxe4 Rc5 44. Qd2 a4 45. h4 a3 46. h5 Qg5 0-1